00831nam a2200193Ia 4500003000900000008004100009040001600050080001800066110005200084245018700136260006500323300002300388650004300411650003600454650003100490942000700521999001500528952009400543IN-BaIIA211028s9999 xx 000 0 eng d cIIA Library a083.7:62bAME aAmerican Society of Mechanical Engineers912082 0a1980 ASME boiler and pressure vessel code section III nuclear power plant components,Division 2 code for concrete reactocthe American Society of Mechanical Engineers  aNew YorkbThe American Society of Mechanical Engineersc1980 a[various pagings.] aBoiler and Pressure Vessel Code912083 aConcrete Reactor Vessels912084 aNuclear Power Plant912085 cBK c7063d7063 00104070aBANbKAVcGENd1982-05-10l0o083.7:62/ AMEp7843r2021-11-05w1982-05-10yBK